00537nam a22001577a 4500020001600000040001100016082001300027100001800040245007900058260003500137300002700172650004600199942001300245999001900258952010200277 qHard Cover. cSINES. a004bALI aMuhammad Ali. aCFD Modelling of Weapon Separation from Military Aircraft /cAli, Muhammad aIslamabad:bSINES-NUST,c2022. a51 p. :bill. ;c35cm. xMS-Computational Science and Engineering. 2ddccTHE c592601d592601 00102ddc4070aRCMSbRCMScTHEd2022-12-05l0o004 ALIpRCMS003365r2022-12-05w2022-12-05yREF